Football par lettre - B - Statistiques

Statistiques générales
  • Ce quiz a été pris 1 315 fois
  • Le résultat moyen est 9 sur 12
Statistiques - réponses
Indices Solutions % Correct
Les Girondins de Bordeaux
100%
Club allemand basé à Munich Bayern
99%
Si je vous dis, joueur formé à Lyon puis transféré au Real Madrid en 2009 ayant remporté 4 fois la Ligue des Champions, meilleur buteur français dans cette compétition, vous me dîtes ? Benzema
95%
Gardien emblématique de la Juventus et de la squadra azzura Buffon
93%
Ce joueur a inscrit 2 buts en finale de Ligue des Champions 2018 face à Liverpool Bale
86%
Il y a 2 clubs professionnels à Séville, le FC Séville et le Bétis Séville
80%
Shinji Kagawa a joué pour un club en Allemagne, lequel ? Borussia Dortmund
79%
Joueur du Bayern et de la sélection allemande surnommé le Kaiser Beckenbauer
63%
Prénom du ballon d'or 1966 (il est anglais) Bobby
61%
Attaquant malheureux ratant son penalty lors de la finale de la Coupe du Monde 1994 face au Brésil Baggio
49%
Nom de famille d'un de ses coéquipiers les plus marquants avec des sacrés punchlines Best
45%
Le numéro 6 de l'AC Milan n'est plus attribué par respect pour ce joueur Baresi
35%
Aucun quiz correspondant
Distribution des résultats
% des personnes avec chaque résultat
Percentile par nombre de réponses
Votre historique - résultats
Vous n’avez pas pris ce quiz